Herman Melville : a study of his life and vision /

Saved in:
Bibliographic Details
Main Author: Mumford, Lewis, 1895-
Format: Book
Language:English
Published: London : Secker and Warburg, 1963.
Edition:Rev. ed.
Subjects:
LEADER 00798nam a22002171a 4500
001 c000366815
003 CARM
005 00000000000000.0
008 851211s1963 enk 00010 eng d
019 1 |a 28047404  |z 4168331  |5 LACONCORD2021 
035 |a (OCoLC)10728421  |5 LACONCORD2021 
100 1 |a Mumford, Lewis,  |d 1895- 
245 1 0 |a Herman Melville :  |b a study of his life and vision /  |c Lewis Mumford. 
250 |a Rev. ed. 
260 |a London :  |b Secker and Warburg,  |c 1963. 
300 |a xvi, 256 p. 
600 1 0 |a Melville, Herman,  |d 1819-1891, 
852 8 |b CARM  |h A1:AM29G0  |i B09669  |p 0437293  |f BK 
082 0 4 |a 813.3 
999 f f |i c6c22918-a6a8-5f2c-8e5e-9b6747f861ba  |s e147ad22-b946-5445-8a44-39029468ca62 
952 f f |p Can circulate  |a CAVAL  |b CAVAL  |c CAVAL  |d CARM 1 Store  |e B09669  |f A1:AM29G0  |h Other scheme  |i book  |m 0437293